More Words That Have Been Ripped Apart Quiz Stats

 Plays Quiz Updated Oct 7, 2014

Challenge
Share
Tweet
Score 0/30 Timer 05:00
2 Plays Today
% Correct
peo
92.3%
coff
91.6%
chick
87.8%
hab
87.2%
trum
86.4%
dir
85.7%
bum
85.2%
con
84.3%
mag
82.2%
chap
79%
thir
78.8%
nei
77.6%
holl
77.2%
sub
75.8%
woo
74.9%
% Correct
trin
74.2%
glu
73%
com
71.8%
fu
71.5%
fi
70.8%
lo
70.7%
jo
70.4%
free
67.4%
sher
64.8%
per
62.3%
fol
61.4%
fid
61.4%
taw
61%
rec
58.9%
ho
57%

You're not logged in!

Compare scores with friends on all Sporcle quizzes.
OR
Log In

You Might Also Like...

Show Comments

Extras

Top Quizzes Today


Score Distribution

Your Account Isn't Verified!

In order to create a playlist on Sporcle, you need to verify the email address you used during registration. Go to your Sporcle Settings to finish the process.

Report this User

Report this user for behavior that violates our Community Guidelines.

Details: